000 00690cam a2200241u 4500
999 _c20713
_d20713
001 7829344
003 BDDh-ASL
005 20231015025927.0
008 821105s1881 nyu 000 0 eng
010 _a 35025181
040 _aDLC
_cCarP
_dDLC
_dBDDh-ASL
041 1 _aengara
050 0 0 _aBP109
_b.S3 1881
082 _a297.12
_bQUK
100 1 _92738
_aSale, George
130 0 _aQurʼan.
_lEnglish.
_f1881.
245 1 4 _aThe Koran:
_ctranslated into English from the original Arabic /
260 _aNew York:
_bFrederick warne and Co. Ltd.,
300 _a608, [4] p.
_c17 cm.
650 0 _91652
_aIslam
906 _a0
_bcbc
_cpremunv
_du
_encip
_f19
_gy-gencatlg
942 _2ddc
_cBK